Les Iles Marshall pour les touristes... - Facile - Statistiques

Statistiques générales
  • Ce quiz a été pris 2 fois
  • Le résultat moyen est 12 sur 20
Statistiques - réponses
Question Indice Réponses Indice facile % Correct
La vitesse est limitée à {30} km/h
100%
Combien d'heures (environ) mettrez-vous pour vous y rendre ? (en chiffres) 35
100%
Quelle est la langue officielle ? Anglais
100%
La conduite se fait à droite ou à gauche ? Droite
100%
3/ Pour les numismates Monnaie NENOAIM
100%
Avez-vous besoin d'un visa ? (oui/non) Non
100%
Dans la capitale y-a-t-il un décalage horaire avec Paris ? (oui/non) Oui
100%
Achats à faire 1/ Clichés Photos OPSTHO
100%
La religion majoritaire est Protestantisme P
100%
2/ Pour les philatélistes Timbres ETIBSMR
100%
Quelle est la monnaie ? Dollar américain $
50%
Le suffixe internet est mh
50%
Comment se nomme la principale compagnie aérienne locale UA United Airlines ILDESUNIRAIENT
50%
A Atoll {Arno} RAON
0%
Quelles sont les principaux lieux touristiques ? B Atoll de {Bikini} NIBIIK
0%
B Ile de {Bokolap} LAPOBOK
0%
A quelle région appartient ce pays M Micronésie
0%
A Musée {Atele} LEATE
0%
Le principal aéroport est N Tarawa
0%
Quel est le climat local ? TM Tropical marin
0%
Aucun quiz correspondant
Distribution des résultats
% des personnes avec chaque résultat
Percentile par nombre de réponses
Votre historique - résultats
Vous n’avez pas pris ce quiz